[Event "AUTO-ADV-2426"]
[Site "http://www.queenalice.com/game.php?id=1034210"]
[Date "2012.2.28"]
[Round "1"]
[White "Jackson_Ribeiro"]
[Black "jafurlani"]
[Result "0-1"]
[WhiteElo "1626"]
[BlackElo "1732"]

1. d4 Nf6 2. c4 e6 3. Nc3 Bb4 4. Bd2 Nc6 5. e3 O-O 6. Nf3 b6 7. Bd3 Bb7 8. O-O
Ne7 9. a3 Bxc3 10. Bxc3 c5 11. b4 cxd4 12. exd4 Rc8 13. c5 bxc5 14. dxc5 Ned5
15. Be5 Ng4 0-1

[Event "AUTO-ADV-2426"]
[Site "http://www.queenalice.com/game.php?id=1034211"]
[Date "2012.2.28"]
[Round "1"]
[White "jafurlani"]
[Black "mattiazap"]
[Result "0-1"]
[WhiteElo "1750"]
[BlackElo "1700"]

1. e4 e5 2. Nf3 Nf6 3. Nc3 Bb4 4. d3 Nc6 5. Bg5 h6 6. Bh4 d5 7. exd5 Qxd5 8. Be2
g5 9. Bg3 g4 10. Nh4 Be6 0-1

[Event "AUTO-ADV-2426"]
[Site "http://www.queenalice.com/game.php?id=1034212"]
[Date "2012.2.28"]
[Round "1"]
[White "mattiazap"]
[Black "jafurlani"]
[Result "1-0"]
[WhiteElo "1680"]
[BlackElo "1770"]

1. e4 e5 2. d4 exd4 3. Qxd4 Nc6 4. Qe3 Nf6 5. Nc3 Bb4 6. Bd2 O-O 7. O-O-O Re8 8.
Bc4 d5 9. Bxd5 Nxd5 10. Nxd5 Bxd2+ 11. Rxd2 Be6 12. Nb6 1-0

[Event "Challenge"]
[Site "http://www.queenalice.com/game.php?id=1059004"]
[Date "2012.5.12"]
[Round "-"]
[White "jafurlani"]
[Black "Lintz"]
[Result "1-0"]
[WhiteElo "1719"]
[BlackElo "1860"]

1. e4 e5 2. Nf3 Qe7 3. Nc3 c6 4. Bc4 g6 5. d3 Bg7 6. Be3 a5 7. a3 Nf6 8. Qd2 b5
9. Ba2 O-O 10. O-O-O b4 11. Nb1 bxa3 12. Nxa3 d5 13. exd5 Nxd5 14. Bh6 Qc7 15.
Bxg7 Kxg7 16. h4 Nf6 17. Ng5 Bb7 18. Bxf7 Rxf7 19. Ne6+ Kg8 20. Nxc7 Rxc7 21.
Qg5 Nbd7 22. g4 c5 23. Nb5 Rcc8 24. Rhe1 Bf3 25. Rd2 Bxg4 26. Rg1 Bf5 27. Nd6
Rf8 28. Nxf5 Kh8 29. Nd6 Nh5 30. Qe7 1-0

[Event "Challenge"]
[Site "http://www.queenalice.com/game.php?id=1077724"]
[Date "2012.6.30"]
[Round "-"]
[White "Lintz"]
[Black "jafurlani"]
[Result "0-1"]
[WhiteElo "1883"]
[BlackElo "1753"]

1. e4 c5 2. Nf3 d6 3. d4 cxd4 4. Nxd4 Nc6 5. Bb5 Bd7 6. Nxc6 Bxc6 7. Bxc6+ bxc6
8. Nc3 Nf6 9. O-O Qb6 10. b3 Qb4 11. Qd3 e5 12. Bb2 Be7 13. Kh1 Nh5 14. Ne2 O-O
15. c3 Qb6 16. Qd1 f5 17. exf5 Nf4 18. Nxf4 exf4 19. c4 Rxf5 20. f3 Raf8 21. Qe1
Qe3 22. Rb1 Rh5 23. Qxe3 fxe3 24. Bd4 Bg5 25. g3 c5 26. f4 cxd4 27. fxg5 Rxf1+
28. Rxf1 d3 0-1

[Event "Challenge"]
[Site "http://www.queenalice.com/game.php?id=1077725"]
[Date "2012.6.30"]
[Round "-"]
[White "jafurlani"]
[Black "Lintz"]
[Result "1-0"]
[WhiteElo "1774"]
[BlackElo "1838"]

1. e4 e5 2. f4 Bc5 3. Nf3 d6 4. Bc4 exf4 5. d4 Bb6 6. Bxf4 Nf6 7. Bg5 Nbd7 8. e5
dxe5 9. dxe5 Qe7 10. Qe2 O-O 11. exf6 Qxe2+ 12. Bxe2 g6 13. Nc3 c6 14. O-O-O Ba5
15. Ne4 Bc7 16. g4 Nb6 17. Nd4 Re8 18. Nc3 a6 19. Bh6 Be5 20. g5 Bd7 21. h4 Nd5
22. Nxd5 cxd5 23. Bf3 Bc6 24. h5 Rad8 25. Rhe1 Bf4+ 26. Kb1 Bg3 27. Re2 Rxe2 28.
Nxe2 Bc7 29. hxg6 hxg6 30. Rh1 Re8 31. Bg7 1-0

[Event "Challenge"]
[Site "http://www.queenalice.com/game.php?id=1088034"]
[Date "2012.7.28"]
[Round "-"]
[White "plot24"]
[Black "jafurlani"]
[Result "0-1"]
[WhiteElo "1652"]
[BlackElo "1741"]

1. d4 Nf6 2. c4 e6 3. Nc3 Bb4 4. Nf3 b6 5. Bd2 Bb7 6. e3 c5 7. Ne5 cxd4 8. exd4
Nc6 9. Bd3 Nxd4 10. O-O Qc7 11. f4 Bc5 12. Rc1 Ne2+ 0-1

[Event "AUTO-ADV-2630"]
[Site "http://www.queenalice.com/game.php?id=1106405"]
[Date "2012.9.25"]
[Round "1"]
[White "miltonlovisk"]
[Black "jafurlani"]
[Result "1-0"]
[WhiteElo "2024"]
[BlackElo "1838"]

1. e4 c5 2. Nf3 d6 3. a3 Nc6 4. Bb5 Bd7 5. d4 cxd4 6. Nxd4 g6 7. Be3 Bg7 8. c3
Nf6 9. f3 a6 10. Bxc6 Bxc6 11. O-O O-O 12. Nxc6 bxc6 13. Qc2 Rb8 14. Nd2 Qc7 15.
b4 d5 16. Bc5 Rfe8 17. exd5 Nxd5 18. Nb1 Rbd8 19. Ra2 Nf4 20. g3 Nd5 21. c4 Nb6
22. Nd2 1-0

[Event "AUTO-ADV-2630"]
[Site "http://www.queenalice.com/game.php?id=1106406"]
[Date "2012.9.25"]
[Round "1"]
[White "jafurlani"]
[Black "miltonlovisk"]
[Result "0-1"]
[WhiteElo "1847"]
[BlackElo "2015"]

1. e4 e5 2. Nf3 Nc6 3. d4 exd4 4. Nxd4 Qe7 5. Nc3 Nf6 6. Be2 Ne5 7. Bg5 c6 8. f4
Ng6 9. e5 Nxe5 10. fxe5 Qxe5 11. Bxf6 Qxf6 12. Rf1 Qh4+ 13. Kd2 Qxd4+ 14. Ke1
Qh4+ 15. g3 Qxh2 16. Qd3 d5 17. Qf3 Bd6 18. Qxf7+ Kd8 19. Qxg7 Qxg3+ 20. Qxg3
Bxg3+ 21. Kd2 h5 0-1

[Event "AUTO-ADV-2630"]
[Site "http://www.queenalice.com/game.php?id=1106417"]
[Date "2012.9.25"]
[Round "1"]
[White "yclaudiu35"]
[Black "jafurlani"]
[Result "1-0"]
[WhiteElo "1952"]
[BlackElo "1872"]

1. e4 c5 2. Nf3 Nc6 3. a3 d6 4. d4 cxd4 5. Nxd4 e5 6. Nxc6 bxc6 7. Bc4 Nf6 8.
Nc3 Be7 9. h3 O-O 10. f3 Qb6 11. Bb3 Ba6 12. Na4 Qb5 13. c4 Qb7 14. O-O Rab8 15.
Ba2 d5 16. exd5 cxd5 17. Re1 dxc4 18. Rxe5 Rfd8 19. Qe1 Bd6 20. Rf5 Re8 21. Qd2
1-0

[Event "AUTO-ADV-2630"]
[Site "http://www.queenalice.com/game.php?id=1106418"]
[Date "2012.9.25"]
[Round "1"]
[White "jafurlani"]
[Black "yclaudiu35"]
[Result "0-1"]
[WhiteElo "1859"]
[BlackElo "1949"]

1. e4 e5 2. f4 exf4 3. Nf3 g5 4. h4 g4 5. Ne5 h5 6. Bc4 Nh6 7. d4 d6 8. Nd3 Be7
9. Bxf4 Nc6 10. c3 f5 11. e5 dxe5 12. dxe5 Nf7 13. Qb3 Rh7 14. Nd2 a6 15. O-O-O
Bxh4 16. Nc5 Nfxe5 17. Nf3 Qe7 18. Nd3 gxf3 19. gxf3 Bg5 20. Bxg5 Qxg5+ 21. Kb1
Nxf3 22. Qc2 f4 23. Qe2+ Nfe5 24. Rhg1 Qf5 0-1

[Event "AUTO-ADV-2630"]
[Site "http://www.queenalice.com/game.php?id=1106425"]
[Date "2012.9.25"]
[Round "1"]
[White "jafurlani"]
[Black "Magogue"]
[Result "1-0"]
[WhiteElo "1845"]
[BlackElo "1854"]

1. e4 e5 2. Nf3 Nc6 3. d4 exd4 4. Nxd4 Bc5 5. Be3 Nxd4 6. Bxd4 Bxd4 7. Qxd4 Nf6
8. e5 Qe7 9. Be2 Ng8 10. Nc3 c6 11. O-O Nh6 12. Rfe1 O-O 13. Bd3 Re8 14. Qd6
Qxd6 15. exd6 Re6 16. Rxe6 dxe6 17. Be4 f5 18. Bf3 Nf7 19. Rd1 Bd7 20. Na4 b5
21. Nc5 a5 22. Nxd7 Rd8 23. Bxc6 b4 24. Nb6 1-0

[Event "AUTO-ADV-2630"]
[Site "http://www.queenalice.com/game.php?id=1106426"]
[Date "2012.9.25"]
[Round "1"]
[White "Magogue"]
[Black "jafurlani"]
[Result "1-0"]
[WhiteElo "1917"]
[BlackElo "1810"]

1. e4 c5 2. Nf3 d6 3. Nc3 Nc6 4. Bb5 Bd7 5. Bxc6 Bxc6 6. d4 cxd4 7. Nxd4 Nf6 8.
Nxc6 bxc6 9. Bg5 e5 10. O-O Be7 11. Bxf6 Bxf6 12. f4 exf4 13. Rxf4 Rb8 14. Rb1
c5 15. Nd5 Be5 16. Rf3 Qh4 17. g3 Qxe4 18. c3 O-O 19. Ne7+ Kh8 20. Nd5 f5 21.
Qd3 a5 22. Qxe4 fxe4 23. Re3 g5 24. Nc7 Rf3 25. Nd5 Rxe3 26. Nxe3 Bxc3 27. b3
Bd4 28. Re1 Rf8 29. Kg2 Bxe3 30. Rxe3 1-0

[Event "AUTO-OPEN-2801"]
[Site "http://www.queenalice.com/game.php?id=1106647"]
[Date "2012.9.26"]
[Round "1"]
[White "jafurlani"]
[Black "nevermore17"]
[Result "0-1"]
[WhiteElo "1876"]
[BlackElo "2328"]

1. e4 c5 2. Nf3 Nc6 3. d4 cxd4 4. Nxd4 Nf6 5. Nc3 e5 6. Ndb5 d6 7. Nd5 Nxd5 8.
exd5 Nb8 9. c4 Be7 10. Bd3 O-O 11. Qc2 f5 12. Bd2 a6 13. Nc3 e4 14. Be2 Nd7 0-1

[Event "AUTO-OPEN-2801"]
[Site "http://www.queenalice.com/game.php?id=1106648"]
[Date "2012.9.26"]
[Round "1"]
[White "nevermore17"]
[Black "jafurlani"]
[Result "1-0"]
[WhiteElo "2329"]
[BlackElo "1874"]

1. e4 c5 2. Nc3 Nc6 3. f4 d6 4. Bb5 Bd7 5. Nf3 g6 6. O-O Bg7 7. d3 Nf6 8. Qe1
Qb6 9. Kh1 a6 10. e5 axb5 11. exf6 Bxf6 12. Nd5 Qd8 13. Nxf6+ Kf8 14. Nxd7+ Qxd7
15. f5 Qxf5 16. Ng5 Qd5 17. Nxf7 Kg8 18. Bh6 Ne5 19. Nxe5 Qxe5 20. Qxe5 dxe5 21.
Rf2 g5 22. Raf1 1-0

[Event "Challenge"]
[Site "http://www.queenalice.com/game.php?id=1108062"]
[Date "2012.9.30"]
[Round "-"]
[White "Lintz"]
[Black "jafurlani"]
[Result "0-1"]
[WhiteElo "1824"]
[BlackElo "1861"]

1. e4 c5 2. Nf3 d6 3. Bc4 Nc6 4. c3 Nf6 5. d3 e6 6. O-O Be7 7. a3 O-O 8. b4 b6
9. Bb2 Bb7 10. bxc5 bxc5 11. d4 cxd4 12. cxd4 Nxe4 13. Ba2 d5 14. Re1 Qb6 15.
Bc1 Ba6 16. Bb3 Rab8 17. Bc2 f5 18. Ba4 Rbc8 19. Bxc6 Rxc6 20. Ne5 Rxc1 21. Qxc1
Qxd4 0-1

[Event "Challenge"]
[Site "http://www.queenalice.com/game.php?id=1108063"]
[Date "2012.9.30"]
[Round "-"]
[White "jafurlani"]
[Black "Lintz"]
[Result "1-0"]
[WhiteElo "1830"]
[BlackElo "1806"]

1. e4 e5 2. Nf3 c5 3. Nxe5 Qe7 4. d4 f6 5. Nf3 Qxe4+ 6. Be2 Nc6 7. Nc3 Qe6 8.
O-O cxd4 9. Nxd4 Nxd4 10. Qxd4 g6 11. Bd2 Bg7 12. Rfe1 Kd8 13. Bc4 Qb6 14. Qe4
d6 15. Qe8+ Kc7 16. Nd5+ 1-0

[Event "OS INCLIVEIS"]
[Site "http://www.queenalice.com/game.php?id=1109683"]
[Date "2012.10.5"]
[Round "-"]
[White "adelio"]
[Black "jafurlani"]
[Result "1-0"]
[WhiteElo "1766"]
[BlackElo "1829"]

1. d4 Nf6 2. c4 e6 3. Nc3 Bb4 4. a3 Bxc3+ 5. bxc3 b6 6. Nf3 Bb7 7. Ne5 d6 8.
Nxf7 Kxf7 9. Bg5 Rf8 10. f3 Nbd7 11. e4 Qe8 12. Ra2 d5 13. e5 Ng8 14. Bd3 g6 15.
h4 Ne7 16. h5 Nf5 17. Bxf5 exf5 18. hxg6+ hxg6 19. g4 fxg4 20. fxg4 dxc4 21.
Rh7+ Kg8 22. Rah2 1-0